| 000 | 01130nam a2200301 a 4500 | ||
|---|---|---|---|
| 999 |
_c189283 _d189283 |
||
| 003 | BLK | ||
| 005 | 20230913005137.0 | ||
| 008 | 180411b bul|||||r ||||||| ||bul|| | ||
| 010 | _aKNG00198312000 | ||
| 040 | _aBLK | ||
| 041 |
_aBUL _cBUL |
||
| 080 |
_aАнглийска литература _b821.111 _x-31 _z821.111-31 |
||
| 100 | 1 |
_aМоъм, Уилям Съмърсет _eпърви автор _9373161 |
|
| 139 |
_aМоъм, Уилям Съмърсет _bМ 93 |
||
| 245 | 1 | 0 |
_aНатясно в ъгъла _bРоман _cУилям Съмърсет Моъм; прев. от англ. Огняна Иванова |
| 257 | _aBGR | ||
| 260 |
_aВарна _bГеорги Бакалов _c1978 |
||
| 300 |
_a211 с. _c20 см |
||
| 380 | _aX | ||
| 490 |
_aБиблиотека Океан _v10 _9205245 |
||
| 500 | _aОриг. загл. The narrow corner. | ||
| 700 |
_aИванова, Огняна Начева _d1947- _9369792 |
||
| 852 |
_aЦб 94294 _bЦб |
||
| 856 | 4 |
_qpdf _i0.00 _ldisable |
|
| 942 |
_cKNG _n0 _s1 |
||
| 944 |
_aCR _c15.12.2016 _k _lCRON CRON |
||
| 944 |
_aED _c15.12.2016 _kКина_Георгиева |
||